[Event "GER AM05-A email"]
[Site "GER email"]
[Date "2019.06.19"]
[Round "?"]
[White "Johnson, Bobby"]
[Black "Schuetze, Manfred"]
[Result "1/2-1/2"]
[WhiteElo "2528"]
[BlackElo "2490"]
[PlyCount "124"]
[EventDate "2019.??.??"]
[EventType "tourn (corr)"]
[EventRounds "14"]
[EventCountry "GER"]
[SourceTitle "Corr 2022"]
[Source "ChessBase"]
[SourceDate "2021.10.24"]
[SourceVersion "1"]
[SourceVersionDate "2021.10.24"]
[SourceQuality "1"]

1. e4 e5 2. Nf3 Nc6 3. Bb5 a6 4. Ba4 Nf6 5. 0-0 Be7 6. Re1 b5 7. Bb3 d6 8. c3 0-0 9. h3 Bb7 10. d4 Re8 11. Ng5 Rf8 12. Nf3 Re8 13. Nbd2 Bf8 14. Bc2 g6 15. d5 Nb8 16. b3 c6 17. c4 Nbd7 18. Nb1 Rc8 19. Bd2 Qc7 20. Na3 Nc5 21. Rc1 bxc4 22. bxc4 Rb8 23. Nb1 Rec8 24. Nc3 a5 25. Be3 Nfd7 26. Na4 Ba6 27. Nxc5 Nxc5 28. Bxc5 dxc5 29. Ba4 cxd5 30. exd5 f6 31. Bc6 Bd6 32. Qe2 Rf8 33. Bb5 Bb7 34. Qb2 Rf7 35. Rc3 Re7 36. Rce3 Rf8 37. Qc3 Bc8 38. Ba4 Qb6 39. a3 Qc7 40. R3e2 Rff7 41. Bc6 Qd8 42. Qb2 Rg7 43. Qb5 g5 44. Nd2 f5 45. Nb3 g4 46. g3 gxh3 47. Nxc5 Kh8 48. Kh1 Qf8 49. Qxa5 f4 50. Ne6 Bxe6 51. dxe6 fxg3 52. fxg3 Rxg3 53. c5 e4 54. Qa8 Qxa8 55. Bxa8 Bxc5 56. Rxe4 Rxa3 57. Bc6 Rd3 58. Bd7 Rd2 59. Ra1 Rg7 60. Ra8+ Rg8 61. Rxg8+ Kxg8 62. e7 Bxe7 1/2-1/2

[Event "GER AM05-A email"]
[Site "GER email"]
[Date "2019.06.19"]
[Round "?"]
[White "Panitevsky, Ivan Anatolevich"]
[Black "Johnson, Bobby"]
[Result "1/2-1/2"]
[WhiteElo "2523"]
[BlackElo "2528"]
[PlyCount "78"]
[EventDate "2019.??.??"]
[EventType "tourn (corr)"]
[EventRounds "14"]
[EventCountry "GER"]
[SourceTitle "Corr 2022"]
[Source "ChessBase"]
[SourceDate "2021.10.24"]
[SourceVersion "1"]
[SourceVersionDate "2021.10.24"]
[SourceQuality "1"]

1. d4 Nf6 2. c4 g6 3. Nc3 Bg7 4. e4 d6 5. Nf3 0-0 6. Be2 e5 7. 0-0 Nc6 8. d5 Ne7 9. b4 Nh5 10. Re1 f5 11. Bd3 fxe4 12. Nxe4 Bg4 13. Be2 Nf4 14. Bxf4 Rxf4 15. Nfd2 Bc8 16. a4 Rb8 17. Ra3 Rf8 18. a5 b6 19. b5 Nf5 20. Nf3 Bh6 21. h3 Ng7 22. Nh2 Bf5 23. Bf1 Ne8 24. Ng4 Bxg4 25. hxg4 Nf6 26. Bd3 Nxe4 27. Bxe4 Qg5 28. g3 Qd2 29. Qe2 bxa5 30. Ra2 Qd4 31. Kg2 Ra8 32. Qc2 Kg7 33. Re2 a6 34. Rxa5 axb5 35. Rxa8 Rxa8 36. cxb5 Qa7 37. Qc6 Rf8 38. Qc4 Qb6 39. Qb4 Rf7 1/2-1/2

[Event "GER AM05-A email"]
[Site "GER email"]
[Date "2019.06.19"]
[Round "?"]
[White "Stein, Kurt W"]
[Black "Johnson, Bobby"]
[Result "1/2-1/2"]
[WhiteElo "2528"]
[BlackElo "2528"]
[PlyCount "104"]
[EventDate "2019.??.??"]
[EventType "tourn (corr)"]
[EventRounds "14"]
[EventCountry "GER"]
[SourceTitle "Corr 2022"]
[Source "ChessBase"]
[SourceDate "2021.10.24"]
[SourceVersion "1"]
[SourceVersionDate "2021.10.24"]
[SourceQuality "1"]

1. d4 d5 2. Nf3 Nf6 3. c4 c6 4. e3 e6 5. Nbd2 Be7 6. b3 0-0 7. Bb2 b6 8. Bd3 Bb7 9. 0-0 c5 10. Rc1 Nbd7 11. Qe2 cxd4 12. Nxd4 Nc5 13. Bc2 Qd7 14. Rfd1 Rfd8 15. b4 Na4 16. Ba1 Bxb4 17. Nb5 a6 18. Bxf6 gxf6 19. Ne4 Qe7 20. Qg4+ Kh8 21. cxd5 f5 22. Qh5 Rg8 23. Nc7 Nc3 24. Nxc3 Qxc7 25. Ne4 Qe7 26. d6 Qf8 27. Ng5 Rg7 28. h4 Qg8 29. Bb3 Bc5 30. g4 fxg4 31. Rc4 Bc6 32. d7 Rd8 33. Rf4 g3 34. Qxf7 Rxf7 35. Nxf7+ Kg7 36. Ne5 Kh6 37. Ng4+ Kg7 38. Ne5 Kh6 39. Ng4+ Kg6 40. Ne5+ Kh5 41. Nxc6 Rf8 42. Rxf8 Qxf8 43. Rd2 gxf2+ 44. Kf1 Qf5 45. Nd4 Qh3+ 46. Kxf2 Be7 47. Nf3 Bd8 48. Rd4 Kg6 49. Rf4 b5 50. Rf8 Bxh4+ 51. Nxh4+ Qxh4+ 52. Ke2 Qh2+ 1/2-1/2

[Event "GER AM04-A email"]
[Site "GER email"]
[Date "2018.06.19"]
[Round "?"]
[White "Goncharenko, Georgy"]
[Black "Johnson, Bobby"]
[Result "1/2-1/2"]
[WhiteElo "2495"]
[BlackElo "2525"]
[PlyCount "59"]
[EventDate "2018.??.??"]
[EventType "tourn (corr)"]
[EventRounds "14"]
[EventCountry "GER"]
[SourceTitle "Corr 2020"]
[Source "ChessBase"]
[SourceDate "2019.09.30"]
[SourceVersion "1"]
[SourceVersionDate "2019.09.30"]
[SourceQuality "1"]

1. e4 e5 2. Nf3 Nc6 3. Bb5 a6 4. Ba4 Nf6 5. 0-0 b5 6. Bb3 Bb7 7. d3 Be7 8. Nc3 0-0 9. Re1 d6 10. a3 Qd7 11. h3 Rfe8 12. Bg5 Nd8 13. d4 exd4 14. Nd5 Ne6 15. Bxf6 Bxf6 16. Nxf6+ gxf6 17. Nh2 Kg7 18. Qd2 h5 19. Bd5 Bxd5 20. exd5 Nc5 21. b4 Na4 22. Qxd4 Qf5 23. Nf1 Nb6 24. Ne3 Qg6 25. Qc3 Rac8 26. Rad1 Re4 27. Rd4 Rce8 28. Rxe4 Rxe4 29. Qxc7 Nc4 30. Qc8 1/2-1/2

[Event "GER AM04-A email"]
[Site "GER email"]
[Date "2018.06.19"]
[Round "?"]
[White "Johnson, Bobby"]
[Black "Dunlop, Gordon"]
[Result "1/2-1/2"]
[WhiteElo "2525"]
[BlackElo "2535"]
[PlyCount "63"]
[EventDate "2018.??.??"]
[EventType "tourn (corr)"]
[EventRounds "14"]
[EventCountry "GER"]
[SourceTitle "Corr 2020"]
[Source "ChessBase"]
[SourceDate "2019.09.30"]
[SourceVersion "1"]
[SourceVersionDate "2019.09.30"]
[SourceQuality "1"]

1. d4 Nf6 2. c4 e6 3. Nf3 d5 4. Nc3 c6 5. Bg5 h6 6. Bh4 dxc4 7. e4 g5 8. Bg3 b5 9. Be2 Bb7 10. 0-0 Nbd7 11. Ne5 Bg7 12. Nxd7 Nxd7 13. Bd6 a6 14. a4 b4 15. Bxb4 Qb6 16. Ba3 Qxd4 17. Qc2 c5 18. Rad1 Qe5 19. Bxc4 Qc7 20. Ne2 Be5 21. Kh1 0-0 22. b3 Nf6 23. Bd3 Rac8 24. f3 Bxh2 25. Qxc5 Qxc5 26. Bxc5 Rxc5 27. Kxh2 Rd8 28. Bc4 Rxd1 29. Rxd1 Kf8 30. Nc1 Ke7 31. Nd3 Rc8 32. Ne5 1/2-1/2

[Event "GER AM04-A email"]
[Site "GER email"]
[Date "2018.06.19"]
[Round "?"]
[White "Johnson, Bobby"]
[Black "Papenfuss, Ingo"]
[Result "1/2-1/2"]
[WhiteElo "2525"]
[BlackElo "2506"]
[PlyCount "60"]
[EventDate "2018.??.??"]
[EventType "tourn (corr)"]
[EventRounds "14"]
[EventCountry "GER"]
[SourceTitle "Corr 2020"]
[Source "ChessBase"]
[SourceDate "2019.09.30"]
[SourceVersion "1"]
[SourceVersionDate "2019.09.30"]
[SourceQuality "1"]

1. e4 c5 2. Nf3 d6 3. d4 cxd4 4. Nxd4 Nf6 5. Nc3 a6 6. f3 e5 7. Nb3 Be6 8. Be3 h5 9. Nd5 Bxd5 10. exd5 Nbd7 11. Qd2 g6 12. 0-0-0 Nb6 13. Kb1 Nfxd5 14. Bg5 Be7 15. Bxe7 Qxe7 16. Qa5 Ne3 17. Qxb6 Nxd1 18. Bc4 Rc8 19. Bd5 Nxb2 20. Kxb2 Qc7 21. Qxc7 Rxc7 22. a4 Ke7 23. Nc1 Rhc8 24. Bb3 f5 25. Re1 a5 26. Re3 Rc5 27. Re2 Kf6 28. Rd2 Ke7 29. Bd5 b6 30. Bb3 Rc3 1/2-1/2

[Event "GER AM04-A email"]
[Site "GER email"]
[Date "2018.06.19"]
[Round "?"]
[White "Schmelz, Thomas"]
[Black "Johnson, Bobby"]
[Result "0-1"]
[WhiteElo "2488"]
[BlackElo "2525"]
[PlyCount "108"]
[EventDate "2018.??.??"]
[EventType "tourn (corr)"]
[EventRounds "14"]
[EventCountry "GER"]
[SourceTitle "Corr 2020"]
[Source "ChessBase"]
[SourceDate "2019.09.30"]
[SourceVersion "1"]
[SourceVersionDate "2019.09.30"]
[SourceQuality "1"]

1. d4 Nf6 2. c4 e6 3. Nc3 Bb4 4. e3 0-0 5. Nge2 d5 6. a3 Be7 7. cxd5 exd5 8. Nf4 c6 9. Bd3 Na6 10. 0-0 Nc7 11. f3 b6 12. Bd2 c5 13. Be1 Bb7 14. Qd2 c4 15. Bc2 b5 16. e4 a5 17. e5 Nd7 18. Nce2 Ra6 19. Bf2 g6 20. Nh3 f6 21. f4 f5 22. Bd1 b4 23. Qe1 h6 24. Kh1 Rf7 25. Be3 Nf8 26. Bc2 b3 27. Bd1 g5 28. Nc3 g4 29. Nf2 h5 30. g3 Rg6 31. h4 Nce6 32. Rc1 Rgg7 33. Kg2 Ng6 34. Qd2 Bxh4 35. gxh4 Nxh4+ 36. Kg3 Ng6 37. Rh1 h4+ 38. Kh2 g3+ 39. Kg2 gxf2 40. Kf1 Nc5 41. Bxf2 Nd3 42. Ne2 Nxc1 43. Qxc1 Rh7 44. Rh3 Nf8 45. Nc3 Ne6 46. Bf3 Rfg7 47. Qd2 Rg4 48. Be3 Rg3 49. Qh2 Rxh3 50. Qxh3 Qd7 51. Ne2 a4 52. Nc3 Bc6 53. Ke1 Kf8 54. Kd2 Nc7 0-1

[Event "GER AM04-A email"]
[Site "GER email"]
[Date "2018.06.19"]
[Round "?"]
[White "Vasilev, Vasil"]
[Black "Johnson, Bobby"]
[Result "1/2-1/2"]
[WhiteElo "2495"]
[BlackElo "2525"]
[PlyCount "63"]
[EventDate "2018.??.??"]
[EventType "tourn (corr)"]
[EventRounds "14"]
[EventCountry "GER"]
[SourceTitle "Corr 2020"]
[Source "ChessBase"]
[SourceDate "2019.09.30"]
[SourceVersion "1"]
[SourceVersionDate "2019.09.30"]
[SourceQuality "1"]

1. d4 Nf6 2. Bf4 d5 3. e3 c5 4. Nc3 cxd4 5. exd4 a6 6. Nf3 Nc6 7. Ne5 Bd7 8. g3 e6 9. Nxd7 Qxd7 10. Bg2 b5 11. 0-0 Bd6 12. Ne2 0-0 13. a3 a5 14. Bxd6 Qxd6 15. c3 b4 16. Qc2 Rac8 17. axb4 axb4 18. c4 dxc4 19. Qxc4 Ne7 20. Qd3 g6 21. Ra6 Qd7 22. Nc1 Nf5 23. Nb3 Rfd8 24. Rd1 h5 25. Ra5 Qc7 26. Rc5 Qd6 27. Qd2 h4 28. Bf3 Kg7 29. Qc2 Qd7 30. Kg2 Qa4 31. Rc1 Rb8 32. Qd3 1/2-1/2